Religions in India : (Record no. 141158)

MARC details
000 -LEADER
fixed length control field 00670nam a22002057a 4500
005 - DATE AND TIME OF LATEST TRANSACTION
control field 20230524155516.0
010 ## - LCCN (DPL NO)
LC control number ENG-118672 ENG-137028
020 ## - INTERNATIONAL STANDARD BOOK NUMBER
International Standard Book Number 9788184655513
Terms of availability 450.00
035 ## - SYSTEM CONTROL NUMBER
System control number EN-102204
035 ## - SYSTEM CONTROL NUMBER
System control number EN-120560
037 ## - SOURCE OF ACQUISITION
Source of stock number/acquisition DBAD/PUB
082 ## - DEWEY DECIMAL CLASSIFICATION NUMBER
Classification number 305.562
100 ## - MAIN ENTRY--PERSONAL NAME
Personal name Daniel, Monodeep
245 ## - TITLE STATEMENT
Title Religions in India :
Statement of responsibility, etc by Monodeep Daniel
Remainder of title the vision of B. R. Ambedkar /
260 ## - PUBLICATION, DISTRIBUTION, ETC. (IMPRINT)
Place of publication, distribution, etc Delhi
Name of publisher, distributor, etc Delhi Brotherhood Society(DBS)
Date of publication, distribution, etc 2016
270 ## - ADDRESS
Address 1585, Madarsa Road, Kashmere Gate
City Delhi
Postal code 110006
300 ## - PHYSICAL DESCRIPTION
Extent xii,302p.
Dimensions 25cm(Hb)
500 ## - GENERAL NOTE
General note includes bibliographical reference and index
942 ## - ADDED ENTRY ELEMENTS (KOHA)
Source of classification or shelving scheme Dewey Decimal Classification
Item type English Books
Classification part 305.562
Call number suffix DAN
Holdings
Withdrawn status Lost status Not for loan Collection code Home library Current library Date acquired Source of acquisition Cost, normal purchase price Full call number Barcode Copy number Cost, replacement price Koha item type
      Non-fiction Ashok Vihar Ashok Vihar 15/06/2017 DBAD/PUB 450.00 305.562 DAN EN-102204 1 450.00 English Books

© Delhi Public Library
Hit Counter
free hit counter